000 00961nam a2200253 i 4500
001 bg
100 1 _aMIEDZIAŁOWSKI, Czesław
245 1 0 _aDyskretny model złożonych konstrukcji ścianowych budynków uwzględniający współpracę podłoża gruntowego /
_cCzesław Miedziałowski.
260 _aBiałystok :
_bWydawnictwa PB,
_c1994.
300 _a283 s. :
_brys., wykr. ;
_c23 cm.
490 1 _aRozprawy Naukowe / Politechnika Białostocka,
_x0867-096X ;
_vnr 24
504 _aBibliogr. s. 234-279. - Rez., summ.
650 9 _aBudownictwo
_xmechanika
650 9 _aMechanika gruntów
_xbudownictwo
650 9 _aModele matematyczne
_xstosowanie
_xbudownictwo
650 9 _aPrefabrykaty
_xstosowanie
650 9 _aŚciany
_xmechanika
830 0 _aRozprawy Naukowe (Politechnika Białostocka) ;
_vnr 24
040 _cBPK
041 0 _apl
_benru
080 _a624.01/.07:692.2:624.131.2/.6
942 _cKS
008 s pl f |000 0 pol
999 _c31021
_d31021
856 _uhttp://koha.tu.koszalin.pl/cgi-bin/koha/opac-detail.pl?biblionumber=31021
_yKatalog online BPK